Ispeak : Public Speaking for Contemporary Life
Preparing your presentations, selecting and arranging content, type of presentations.
Tallennettuna:
| Päätekijä: | |
|---|---|
| Aineistotyyppi: | Kirja |
| Kieli: | Undetermined |
| Julkaistu: |
New York
McGraw-Hill
2008
|
| Aiheet: | |
| Tagit: |
Lisää tagi
Ei tageja, Lisää ensimmäinen tagi!
|
| Thư viện lưu trữ: | Trung tâm Học liệu Trường Đại học Cần Thơ |
|---|
| LEADER | 00688nam a2200217Ia 4500 | ||
|---|---|---|---|
| 001 | CTU_172801 | ||
| 008 | 210402s9999 xx 000 0 und d | ||
| 020 | |c 34.99 | ||
| 082 | |a 808.51 | ||
| 082 | |b N424 | ||
| 100 | |a Nelson, Paul E. | ||
| 245 | 0 | |a Ispeak : | |
| 245 | 0 | |b Public Speaking for Contemporary Life | |
| 245 | 0 | |c Paul E. Nelson, Scott Titsworth, Judy C. Pearson | |
| 260 | |a New York | ||
| 260 | |b McGraw-Hill | ||
| 260 | |c 2008 | ||
| 520 | |a Preparing your presentations, selecting and arranging content, type of presentations. | ||
| 650 | |a Public speaking,Nói trước công chúng | ||
| 904 | |i Lan | ||
| 980 | |a Trung tâm Học liệu Trường Đại học Cần Thơ | ||